00336nam a2200121 a 450000500170000000800410001705000240005824500490008226000480013144000150017965000140019465000060020820140414131935.0110112s19uu xx 00 eng d aREF 597.9bW57 2004 aWho has dragon parades :bPeople and places. aNashville, Tennessee :bMiles Kelly,c2004. aAsk me why aPeoplex  a